000 01065cam a2200253 i 4500
005 20251108173104.0
008 250721s2005 jo a gr 000 0 ara d
020 _a9789957062644
082 1 4 _a025.19
_bس ا م
100 1 _aالسامرائي، إيمان فاضل
_eمؤلف.
245 1 0 _aقواعد البيانات و نظم المكتبات و مراكز المعلومات /
_cتاليف تادكنورة ايمان فاضل السامرائي، الاستاذة يسى احمد ابو عجمية.
250 _aالطبعة الاولى.
264 3 1 _aعمان :
_bدار المسيرة للنشر و التوزيع،
_c2005.
300 _a250 صفحة.
500 _a875622 روان ابوحسين
650 1 7 _aقواعد البيانات.
650 1 7 _aمراكز المعلومات.
650 1 7 _aنظم المعلومات.
650 1 7 _aتخزين المعلومات.
650 1 7 _aالمكتبات.
700 1 _aأبو عجمية، يسرى أحمد
_eمؤلف.
942 _2ddc
_cBK
999 _c95800
_d95800